000 01482naa a22003137a 4500
001 BR9403614
003 BR-BrBNA
005 20240918181214.0
007 ta
008 230509b bl.||||| |||| 00| 0 por d
040 _aBR-BrBNA
_bpor
_cBiblioteca Nacional de Agricultura
041 _a(Pt)
072 _aQ70
_b3862
090 _aQ70 BR9403614
100 1 _aColeti, J.T.
100 1 _aLorenzetti, J.M.
100 1 _aGasparini, C.T.
100 1 _aFreitas, P.G.R.
111 1 _a2. Congresso Nacional da Sociedade de Tecnicos Acucareiros do Brasil1. Simposio Latino-Americano sobre Modalidades de Financiamento a Producao de Energia Renovavel
_cRio de Janeiro, RJ (Brazil)
_d16-21 Aug 1981
245 1 _aCompostagem obtida com residuos da fabricacao de acucar e alcool
260 3 _aRio de Janeiro, RJ (Brasil):
_c1981.
500 _aAnais do 2. Congresso Nacional de Tecnicos Acucareiros do Brasil e 1. Simposio Latino-Americano sobre Modalidades de Financiamento a Producao de Energia Renovavel Rio de Janeiro, RJ (Brasil): 1981. v. 4 p. 88-96 (BR9403614-AM)Q70
650 _aResiduo Industrial
650 _aComposicao Quimica
650 _aCompostagem
773 0 _tAnais do 2. Congresso Nacional de Tecnicos Acucareiros do Brasil e 1. Simposio Latino-Americano sobre Modalidades de Financiamento a Producao de Energia Renovavel
_wQ70 BR9403614
_gRio de Janeiro, RJ (Brasil), 1981. v. 4 p. 88-96
909 _a202404
_bLucia
_c55
_dLucia Elande
942 _cAM
_2AGRIS
999 _c324093
_d324093